Statistiques concernant Anagrammes de Présidents français en énigmes

Cliquez ici pour prendre le quiz!

Statistiques générales

  • Ce quiz a été pris 4 046 fois
  • Le résultat moyen est 15 sur 30

Statistiques - réponses

IndiceRéponse% Correct
Brisée ou feuilletéePATE
89%
Elle chante SkyfallADELE
87%
Plus long fleuve italienPO
86%
Colle forteGLU
85%
GuevaraCHE
84%
Salut anglaisHELLO
82%
Les vainqueurs y montentPODIUM
80%
HELLO + DANHOLLANDE
67%
GLU + ADELEDE GAULLE
66%
PODIUM + POPOMPIDOU
65%
Symbole chimique de l'orAU
61%
Poisson parfois koïCARPE
59%
Pays en soutenant un autreALLIE
54%
Fruit de la ronceMURE
54%
Anion ou cationION
53%
On dormirait comme luiLOIR
52%
Verbe en -er du troisième groupeALLER
47%
Département 40LANDES
46%
Administrateur de ce site si HostetlerDAN
42%
Titre de noblesse inférieur au vicomteBARON
37%
LOIR + AUAURIOL
29%
Esprit anglaisMIND
24%
Paysan pas vilainSERF
23%
CHE + LANDESDESCHANEL
22%
PATE + BARONBONAPARTE
21%
ION + CARPEPOINCARE
21%
ALLER + MINDMILLERAND
20%
DOGUE + MUREDOUMERGUE
17%
Gros chien de gardeDOGUE
16%
SERF + ALLIEFALLIERES
14%

Distribution des résultats

Percentile par nombre de réponses

% des personnes avec chaque résultat

Votre développement - résultats

Vous n’avez pas pris ce quiz